| 000 | 01465nam a2200385 i 4500 | ||
|---|---|---|---|
| 003 | CO-BoRNBP | ||
| 005 | 20230411161151.0 | ||
| 007 | ta | ||
| 008 | 220207t2021 ck ||||| |||| 00| 0dspa d | ||
| 020 | _a9789587534610 | ||
| 040 |
_aCO-BoRNBP _bspa _erda _cCO-BoRNBP |
||
| 041 | 0 | _aspa | |
| 043 | _as-ck--- | ||
| 082 | 0 | 4 |
_a860.8 _bM35b5 _223 |
| 245 | 0 | 0 |
_aAutobiografía de una uña _bEmilia Pardo Umaña _cprólogo Maryluz Vallejo Mejía ; edición Natalia Mejía E. ; compilación Lina Flórez E. ; corrección Gustavo Patiño Díaz |
| 250 | _aOctava edición | ||
| 264 | 1 |
_aBogotá, Colombia _bMinisterio de Cultura _c2021 |
|
| 264 | 4 | _c©2021 | |
| 300 |
_a151 páginas _c21 cm |
||
| 336 |
_atexto _btxt _2rdacontent |
||
| 337 |
_asin mediación _bn _2rdamedia |
||
| 338 |
_avolumen _bnc _2rdacarrier |
||
| 490 | 0 |
_aBiblioteca de Escritoras Colombianas _v5 |
|
| 490 | 0 | _aTextos humorísticos | |
| 500 | _aIncluye datos biográficos de la autora | ||
| 600 | 1 | 4 |
_aPardo Umaña, Emilia _d1907-1961 _vBiografías _91115 |
| 650 | 1 | 7 |
_aAntologías _ySiglo XIX _vColecciones _2ARMARC _91116 |
| 650 | 1 | 7 |
_aLiteratura colombiana _ySiglo XIX _vColecciones _2ARMARC _91117 |
| 650 | 1 | 7 |
_aHumor en la literatura _ySiglo XIX _2ARMARC _91118 |
| 700 | 1 |
_aVallejo Mejía, Maryluz _eprologuista _91119 |
|
| 700 | 1 |
_aMejía E., Natalia _eeditora _91097 |
|
| 700 | 1 |
_aFlórez E., Lina _ecompiladora _91120 |
|
| 700 | 1 |
_aPatiño Díaz, Gustavo _ecorrector _91110 |
|
| 942 |
_2ddc _cBK |
||
| 999 |
_c9363 _d9363 |
||